000 00203nam a2200085Ia 4500
008 170620s9999 xx 000 0 und d
100 _aBare act
245 0 _aEnviroment Protection act
260 _bUniversal Law Pub.
260 _c2001
999 _c28651
_d28651